Pragmatics

This contribution to Palgrave's 'Advances' series addresses a wide range of issues that have arisen in post-Gricean pragmatic theory, in chapters by distinguished authors. Among the specific topics covered are scalar implicatures, lexical semantics and pragmatics, indexicality, proced...

詳細記述

保存先:
書誌詳細
フォーマット: 図書
言語:Undetermined
出版事項: New York Palgrave Macmillan 2007
主題:
タグ: タグ追加
タグなし, このレコードへの初めてのタグを付けませんか!
Thư viện lưu trữ: Trung tâm Học liệu Trường Đại học Cần Thơ
LEADER 00911nam a2200193Ia 4500
001 CTU_155286
008 210402s9999 xx 000 0 und d
020 |c 504000 
082 |a 149.94 
082 |b P896 
245 0 |a Pragmatics 
245 0 |c Edited by Noel Burton-Roberts 
260 |a New York 
260 |b Palgrave Macmillan 
260 |c 2007 
520 |a This contribution to Palgrave's 'Advances' series addresses a wide range of issues that have arisen in post-Gricean pragmatic theory, in chapters by distinguished authors. Among the specific topics covered are scalar implicatures, lexical semantics and pragmatics, indexicality, procedural meaning, the semantics and pragmatics of negation. The volume includes both defences and critiques of Relevance Theory and of Neo-Gricean Pragmatics. 
650 |a Pragmatics 
904 |i Giang 
980 |a Trung tâm Học liệu Trường Đại học Cần Thơ